000 00971nam a2200241 a 4500
001 84277
003 BD-RjUL
005 20241111112735.0
008 241111s2022 bg a|||| m||| 00| 0 eng d
035 _a(BD-RjUL)84277
040 _aBD-RjUL
_beng
_cBD-RjUL
_dBD-RjUL
041 _aeng
082 _223
_a333.7095492
_bJAE 2022
100 _aJaman, Most. Sharmin
_914199
245 1 0 _aEnvironmental News in Maimstream Newspapers and its Impacts on Public Awareness Building in Bangladesh /
_cBy Most. Sharmin Jaman ;
_6Supervisor : A. B. M. Saiful Islam
260 _aRajshahi :
_bInstitute of Environmental Sciences, University of Rajshahi,
_c2022
300 _axvii, 224 Leaves :
_bill, ;
_c29 cm.
502 _aThesis (Ph. D.) -- Institute of Environmental Sciences, University of Rajshahi, 2022
504 _aReferences : Leaves 206-244
650 _aEnvironmental News
_zBangladesh
_914200
700 _aIslam, A. B. M. Saiful, Supervisor
_914201
942 _2ddc
_cTHE
999 _c84277
_d84277